000 00311nam a22001337a 4500
003 SGT
082 _a617.6342
_bH17M
100 _aMAGGA, SHALLU
245 _aHERBAL IRRIGANTS
260 _aDELHI NCR
_bSGT UNIVERSITY GURUGRAM
_c2017
300 _a1-93
650 _aCONSERVATIVE DENTISTRY
942 _2ddc
_cTH
999 _c19158
_d19158